000 00396cam a22001457a 4500
008 180718b1962 xxu||||| |||| 00| 0 eng d
082 _aA6x66 H917
100 _aHunter, Huy
245 _aNew societies of tropical Africa: a selective study
_cby Guy Hunter
260 _aLondon
_bOUP
_c1962
300 _a376p.
500 _a42/-
650 _aCommunity Africa
650 _aAfrica, West - History
999 _c368801
_d368801